Guess the Taylor Swift Song (no hints) 39 - Statistics

General Stats
  • This quiz has been taken 209 times
  • The average score is 356 of 489
Answer Stats
Answer % Correct
a
99%
A
99%
I
99%
you
96%
"You
96%
You
96%
the
95%
it
93%
it"
93%
in
91%
And
90%
and
90%
we
89%
We
89%
when
88%
your
88%
know
87%
on
87%
be
86%
do
86%
he
86%
me
86%
my
86%
to
86%
love
84%
love,
84%
who
84%
of
82%
were
82%
I'm
81%
that
81%
what
81%
if
77%
it's
77%
like
77%
say
76%
was
76%
all
75%
can
73%
But
72%
(But
72%
did
72%
they
72%
had
71%
at
70%
why
70%
I'd
69%
one
69%
just
68%
see
67%
didn't
65%
ever
65%
man
65%
man)
65%
off
65%
this
65%
been
64%
oh,
64%
Oh,
64%
could
63%
have
63%
hear
63%
better
61%
can't
61%
his
61%
now
60%
night,
57%
AM,
56%
back
56%
thing
56%
Never
55%
never
55%
some
55%
feel
54%
middle
54%
miss
54%
Than
54%
wish
53%
down
52%
hand
50%
still
49%
would've
49%
would’ve
49%
every
48%
own
48%
again,
46%
again
46%
again)
46%
thought
46%
goodbye
45%
wasn't
45%
always
44%
mind
44%
4
41%
lovin’
41%
Sometimes,
41%
(Sometimes,
41%
alone
40%
might
40%
any
39%
best
39%
myself,
39%
probably
39%
run
38%
because,
36%
Saying
36%
these
35%
away
34%
change
33%
gave
33%
kind
33%
bravest
32%
around
31%
both
31%
damage
31%
forget
31%
Talking
31%
magic
30%
permanent
30%
beginning
29%
days,
29%
given
29%
mirror
28%
wonder
28%
word
28%
gun
27%
hold
27%
loaded
27%
minute
27%
standin’
27%
turn
27%
onto
26%
sweet
26%
become
24%
careless
24%
Hoping
24%
jealousy,
24%
needing
24%
terms,
24%
Push
23%
waited
20%
pride
17%
No matching quizzes found
Score Distribution
Percent of People with Each Score
Percentile by Number Answered
Your Score History
You have not taken this quiz